000 00368nam a2200145Ia 4500
008 210210b1978 xxu||||| |||| 00| 0 eng d
082 _a576 ANAT
100 _aANANTHANARAYAN (R)
245 _aTextbook of microbiology.
260 _aBombay
_bOrient Longman
_c1978
300 _axv,591
690 _aMicrobiology
700 _aPANIKER (C K Jayaram).
906 _a033668
999 _c84398
_d84398